Les albums de Lucky Luke - Statistiques

Statistiques générales
  • Ce quiz a été pris 405 fois
  • Le résultat moyen est 24 sur 79
Statistiques - réponses
Année Album % Correct
1962 Billy the Kid
76%
1971 Ma Dalton
76%
1967 Calamity Jane
73%
1968 La Diligence
66%
1969 Jesse James
58%
1958 Les Cousins Dalton
53%
1956 Phil Defer
53%
1967 Tortillas pour les Dalton
47%
1968 Le Pied-Tendre
46%
1962 Les Rivaux de Painful Gulch
44%
1977 Le Fil qui chante
43%
1963 Les Dalton dans le blizzard
42%
1960 L’Évasion des Dalton
42%
1967 Des barbelés sur la prairie
41%
1959 Le Juge
41%
1983 Daisy Town
39%
1953 Lucky Luke contre Pat Poker
39%
1950 Rodéo
39%
1971 Canyon Apache
38%
1966 L'Escorte
38%
1965 Les Dalton se rachètent
38%
1958 Lucky Luke contre Joss Jamon
38%
1951 Arizona
37%
1969 Dalton city
37%
1957 Des rails sur la prairie
36%
1973 L'Héritage de Rantanplan
36%
1954 Hors-la-loi
35%
1964 La caravane
35%
1949 La Mine d’or de Dick Digger
35%
1965 La Ville fantôme
35%
1981 Le Bandit manchot
34%
1975 Le Cavalier blanc
34%
1988 Le Pony Express
34%
1960 Ruée sur l’Oklahoma
33%
1985 La Fiancée de Lucky Luke
32%
1975 La Guérison des Dalton
32%
1963 Les Collines noires
30%
1972 Chasseur de primes
29%
1961 En remontant le Mississippi
29%
1983 Fingers
29%
2004 La Belle Province
29%
1996 Le Klondike
29%
1982 Sarah Bernhardt
29%
1958 Alerte aux Pieds-Bleus
28%
1955 L'Élixir du docteur Doxey
28%
1970 Western Circus
28%
1962 À l'ombre des derricks
27%
1973 Le Grand duc
27%
1991 L'Amnésie des Dalton
26%
1965 Le 20e de cavalerie
26%
1976 L'Empereur Smith
25%
1984 Le Daily Star
24%
1980 Le Magot des Dalton
24%
1964 Les Dalton courent toujours
24%
2006 La Corde au cou
23%
1987 Nitroglycérine
23%
2018 Un cow-boy à Paris
23%
1998 Marcel Dalton
22%
1997 O.K. Corral
22%
1982 La Corde du pendu et autres histoires
21%
2010 Lucky Luke contre Pinkerton
21%
1995 Belle Starr
19%
2000 Le Prophète
19%
1994 Le Pont sur le Mississipi
17%
1962 Sur la piste des Dalton
17%
1974 7 histoires de Lucky Luke
16%
2001 L'Artiste peintre
16%
1952 Sous le ciel de l'Ouest
16%
1986 Le Ranch maudit
15%
1987 L'Alibi
14%
2016 La Terre promise
14%
1993 Les Dalton à la noce
14%
2002 La Légende de l'Ouest
13%
2014 Les Tontons Dalton
11%
1992 La Chasse aux fantômes
9%
2012 Cavalier seul
8%
1986 La Ballade des Dalton et autres histoires
8%
2008 L'Homme de Washington
8%
1997 Oklahoma Jim
8%
Aucun quiz correspondant
Distribution des résultats
% des personnes avec chaque résultat
Percentile par nombre de réponses
Votre historique - résultats
Vous n’avez pas pris ce quiz